A General survey of the economy of Catalonia in the nineties
ISBN:
84-393-2479-0
Descripción Física:
47 p. : il. ; 28 cm
MARC
| LEADER | 00000nam a2200000Ia 4500 | ||
|---|---|---|---|
| 001 | 10307 | ||
| 008 | 160829s1993 xx 000 0 cat d | ||
| 020 | |a 84-393-2479-0 | ||
| 080 | |a FU-25-8 | ||
| 245 | 2 | |a A General survey of the economy of Catalonia in the nineties | |
| 250 | |a 2a ed. | ||
| 260 | |a Barcelona : |b Generalitat de Catalunya. Departament d'Economia i Finances, |c 1993 | ||
| 300 | |a 47 p. : |b il. ; |c 28 cm | ||
| 590 | |a Altre exemplar en llengua catalana | ||
| 651 | 0 | |9 56404 |a Catalunya |x Condicions econòmiques |y S. XX | |
| 710 | 1 | |a Catalunya. |b Departament d'Economia i Finances |9 52960 | |
| 901 | |a Arxiu | ||
| 942 | |n 1 |2 udc | ||
| 952 | |0 0 |1 0 |4 0 |6 FU258 |7 1 |9 47978 |a Arxiu |b Arxiu |d 2016-12-01 |l 0 |o FU-25-8 |p 10307 |r 2016-12-01 00:00:00 |w 2016-12-01 |y ARXIU | ||
| 999 | |c 51779 |d 51779 | ||